Statistics for Countries In Calling Zone 9

Click here to take the quiz!

General Stats

  • This quiz has been taken 7 times
  • The average score is 30 of 31

Answer Stats

CountryCode% Correct
Afghanistan(+93)
100%
Azerbaijan(+994)
100%
Bahrain(+973)
100%
Bhutan(+975)
100%
Georgia(+995)
100%
India(+91)
100%
Iran(+98)
100%
Iraq(+964)
100%
Israel(+972)
100%
Jordan(+962)
100%
Kazakhstan(+997)
100%
Kyrgyzstan(+996)
100%
Lebanon(+961)
100%
Maldives(+960)
100%
Nepal(+977)
100%
Oman(+968)
100%
Qatar(+974)
100%
Saudi Arabia(+966)
100%
Sri Lanka(+94)
100%
Syria(+963)
100%
Tajikistan(+992)
100%
Turkey(+90)
100%
Turkmenistan(+993)
100%
United Arab Emirates(+971)
100%
Uzbekistan(+998)
100%
Yemen(+967)
100%
Kuwait(+965)
86%
Pakistan(+92)
86%
Palestine(+970)
86%
Mongolia(+976)
71%
Myanmar(+95)
71%

Score Distribution

Percentile by Number Answered

Percent of People with Each Score

Your Score History

You have not taken this quiz